| 000 | 01740cam a22004814i 4500 | ||
|---|---|---|---|
| 003 | PE-LiUPU | ||
| 005 | 20250731173026.0 | ||
| 008 | 150623s r 000 0 d | ||
| 020 | _a0300076665 | ||
| 035 | _a(Sirsi) i9780300076660 | ||
| 040 |
_aPE-LiUPU _bspa _cPE-LiUPU _erda |
||
| 049 | _aPRUA | ||
| 082 | 0 | 4 |
_a209.56016 _bS62 _221 |
| 100 | 1 |
_aSnell, Daniel C., _eautor. |
|
| 245 | 1 | 0 |
_aLife the ancient near east 3100-332 B.C.E. / _cDaniel C. Snell. |
| 264 | 1 |
_aNew Haven, London : _bYale University Press, _c1997. |
|
| 300 |
_a270 páginas : _bilustraciones fotos ; _c23 centímetros |
||
| 336 |
_atext _2rdacontent |
||
| 337 |
_aunmediated _2rdamedia |
||
| 338 |
_avolume _2rdacarrier |
||
| 504 | _aIncluye bibliografía. | ||
| 505 | 0 | _aThe origins of cities. -The rise of empires. -Disunity and reform. -Retrenchement and ampire. -Assyrian domination. -Babylon and a persian world. -Trends and inplications. | |
| 526 | _aSEG42 | ||
| 526 | _aSEG41 | ||
| 526 | _aSEG40 | ||
| 526 | _aSEG39 | ||
| 526 | _aP94 | ||
| 526 | _aP87 | ||
| 526 | _aP86 | ||
| 526 | _aP85 | ||
| 526 | _aP77 | ||
| 526 | _aP76 | ||
| 526 | _aP35 | ||
| 650 | 0 | 4 |
_aCercano Oriente _xCondiciones económicas. |
| 650 | 0 | 4 |
_aCercano Oriente _xCondiciones sociales. |
| 650 | 0 | 4 |
_aCercano Oriente _xHistoria _yHasta 622. |
| 942 |
_2ddc _cBOOK |
||
| 949 |
_a209.56016 S62 _wDEWEY _c1 _i47982 _lCCODEBUL1 _mBUL _r0 _sY _tBOOK _u2015-6-24 _xTEOLOGIA _PP35 _0COMPRA _o.STAFF. Colección General |
||
| 994 |
_aC0 _bPEPRU |
||
| 596 | _a1 | ||
| 999 |
_a209.56016 S62 _wDEWEY _c24458 _i47982 _f2021-11-9 _g5 _lCCODEBUL1 _mBUL _r0 _sY _tBOOK _u2015-6-24 _xTEOLOGIA _PP35 _0COMPRA _o.STAFF. Colección General _d24458 |
||
| 980 |
_81 _gALBERTO SANCHEZ Responsable de Automatización |
||